000 00772nam a2200277Ia 4500
003 OSt
005 20220926021020.0
006 a|||||r|||| 00| 0
007 ta
008 220923b |||||||| |||| 00| 0 eng d
020 _a0791444287
037 _cGeneral Book
040 _aRTL
_cRTL
_beng
041 _2eng
_aeng
082 _aRxN09:g, P0
100 _aRush Rhees
_9325604
245 0 _aDiscussions of Simone Weil
260 _aNew York
_bState University of New
_c2000
300 _axi, 200p
_ccm.
490 _aSuny Series, Simon Weil Studies
500 _aBibliography: P 191-96
650 _aPhilosophy
700 _a Phillips D Z
_916142
942 _hRxN09:g, P0
_cGB
_2CC
999 _c635489
_d635489